Eduskuntapuolueiden puheenjohtajat 2000-luvulla - Statistics

Yleistilastot
  • Tätä visaa on pelattu 181 kertaa
    103 viimeisimmän päivityksen jälkeen
  • Keskiarvotulos 34 / 45
Vastaustilastot
Hint Vastaus % Oikein
SDP Sanna Marin 2020 - 2023
98%
Kokoomus Alexander Stubb 2014 - 2016
96%
Keskusta Esko Aho 1990 - 2002
96%
Kokoomus Petteri Orpo 2016 -
96%
Kokoomus Sauli Niinistö 1994 - 2001
96%
Vihreät Ville Niinistö 2011 - 2017
96%
Keskusta Juha Sipilä 2012 - 2019
94%
Perussuomalaiset Riikka Purra 2021 -
94%
Vasemmistoliitto Li Andersson 2016 - 2024
92%
Keskusta Antti Kaikkonen 2024 -
90%
SDP Antti Rinne 2014 - 2020
90%
Perussuomalaiset Jussi Halla-aho 2017 - 2021
90%
Kokoomus Jyrki Katainen 2004 - 2014
90%
Keskusta Matti Vanhanen 2003 - 2010
90%
SDP Paavo Lipponen 1993 - 2005
90%
Perussuomalaiset Timo Soini 1997 - 2017
90%
Liike Nyt Harry Harkimo 2019 -
88%
Keskusta Annika Saarikko 2020 - 2024
86%
SDP Antti Lindtman 2023 -
86%
RKP Anna-Maja Henriksson 2016 - 2024
84%
Vihreät Pekka Haavisto 2018 - 2019
84%
Keskusta Anneli Jäätteenmäki 2002 - 2003
82%
Vihreät Maria Ohisalo 2019 - 2023
82%
Kristillisdemokraatit Päivi Räsänen 2004 - 2015
82%
Vihreät Sofia Virta 2023 -
82%
Keskusta Katri Kulmuni 2019 - 2020
80%
Keskusta Mari Kiviniemi 2010 - 2012
80%
Kristillisdemokraatit Sari Essayah 2015 -
80%
SDP Jutta Urpilainen 2008 - 2014
78%
Vasemmistoliitto Paavo Arhinmäki 2009 - 2016
78%
Vasemmistoliitto Minja Koskela 2024 -
76%
Kokoomus Ville Itälä 2001 - 2004
71%
SDP Eero Heinäluoma 2005 - 2008
69%
RKP Anders Adlercreutz 2024 -
63%
Vihreät Touko Aalto 2017 - 2018
61%
RKP Carl Haglund 2012 - 2016
57%
Vasemmistoliitto Suvi-Anne Siimes 1998 - 2006
55%
Vihreät Osmo Soininvaara 2001 - 2005
51%
RKP Stefan Wallin 2006 - 2012
51%
Kristillisdemokraatit Bjarne Kallis 1995 - 2004
47%
Vihreät Anni Sinnemäki 2009 - 2011
43%
Vihreät Satu Hassi 1997 - 2001
43%
Vasemmistoliitto Martti Korhonen 2006 - 2009
41%
Vihreät Tarja Cronberg 2005 - 2009
33%
RKP Jan-Erik Enestam 1998 - 2006
31%
Ehtoja vastaavia visoja ei löytynyt
Tulosjakauma
Jokaisen tuloksen saaneiden osuus
Persentiili vastausten määrän mukaan
Tuloshistoriasi
Et ole pelannut tätä visaa sen viimeisimmän päivityksen jälkeen